Technológie ochrany životného prostredia II. Ochrana vôd

Bibliographic Details
Main Authors: Králiková, Ružena, 1956- (Author), Badida, Miroslav, 1957- (Author), Dzuro, Tibor, 1986- (Author)
Format: Book
Language:Slovak
PhysicalDescription:115 s. ilustr., pl., sch. 30 cm
Published: Košice Technická univerzita, Strojnícka fakulta 2015
ISBN:9788055324715
Edition:1. vyd.
Series:Edícia študijnej literatúry
Subjects:

MARC

LEADER 00000cam a2200000 a 4500
001 vtls011589693
003 SK-MaSNL
005 20260302015021.0
008 240318s2015 xo ae e np 000 0 slo
015 |a SNBA2017/01 
020 |a 9788055324715  |q (brož.) 
035 |a 39AC332F-3F67-431A-8BC7-48C016D614DF 
035 |a urn:nbn:sk:snk-amycxi 
035 |a urn:nbn:sk:snk-am00cgui 
040 |a SNK  |b slo  |c SNK  |e AACR2 
041 0 |a slo 
044 |a xo  |c SK 
072 7 |a 502  |x Životné prostredie a jeho ochrana  |2 konspekt 
080 |a 502.17  |2 2011 
080 |a 502.171:502.511  |2 2001 
080 |a (075.8)  |2 2011 
080 |a 001.126-029:6  |2 2011 
080 |a 502  |2 2011 
080 |a 502/504  |2 2011 
100 1 |a Králiková, Ružena,  |d 1956-  |4 aut  |9 204771 
245 1 0 |a Technológie ochrany životného prostredia  |n II.  |p Ochrana vôd  |c Ružena Králiková, Miroslav Badida, Tibor Dzuro 
246 3 0 |a Ochrana vôd 
250 |a 1. vyd. 
260 |a Košice  |b Technická univerzita, Strojnícka fakulta  |c 2015 
300 |a 115 s.  |b ilustr., pl., sch.  |c 30 cm 
366 |e 50 výt. 
490 1 |a Edícia študijnej literatúry 
504 |a Bibliogr.: s. 110-114 ; zoz. skrat. 
650 0 7 |a ochrana životného prostredia  |2 SNKPH  |9 3352 
650 0 7 |a Environmental protection  |2 SNKPHeng  |9 265610 
650 0 7 |a Technology  |2 SNKPHeng  |9 266383 
650 0 7 |a ochrana vôd  |2 SNKPH  |9 4077 
650 0 7 |a Water conservation  |2 SNKPHeng  |9 266147 
650 0 7 |a technológia  |2 SNKPH  |9 66619 
650 0 7 |a environmentálne inžinierstvo  |2 SNKPH  |9 67051 
650 0 7 |a Environmental engineering  |2 SNKPHeng  |9 84640 
650 0 7 |a environmentalistika  |2 SNKPH  |9 787 
650 0 7 |a Environmental sciences  |2 SNKPHeng  |9 265575 
655 7 |a učebnice vysokých škôl  |2 SNKPH  |9 70191 
655 7 |a Textbooks (higher)  |2 SNKPHeng  |9 276436 
700 1 |a Badida, Miroslav,  |d 1957-  |4 aut  |9 220921 
700 1 |a Dzuro, Tibor,  |d 1986-  |4 aut  |9 204777 
810 2 |a Technická univerzita v Košiciach.  |b Strojnícka fakulta  |t Edícia študijnej literatúry  |9 312999 
919 |a 978-80-553-2471-5 
958 |a NB 
999 |c 1019313  |d 1021243 
952 |a SNK  |b SNK  |y PREZ  |7 0  |p 17A1250287  |o snkSB 90959  |i snk2016/28305  |8 0  |0 0  |1 0  |4 0  |d 2016-12-07  |f 1  |l 0  |r 2025-05-14 00:00:00  |w 2026-02-24 
952 |a SNK  |b SNK  |y VYP  |7 0  |p 17A1250288  |o snkSB 90959 D1  |i snk2016/28307  |8 0  |0 0  |1 0  |4 0  |d 2016-12-07  |l 0  |r 2026-02-24 13:19:26  |w 2026-02-24